| 000 | 00748nam a22002057a 4500 | ||
|---|---|---|---|
| 005 | 20231116095139.0 | ||
| 008 | 180604t sp gr|||| 000 0 spa|| | ||
| 020 | _a8481559911 | ||
| 050 | 0 | 4 |
_aKKT569 _bG88 2002 |
| 100 | 1 | _aGutiérrez Barrenengoa, Ainhoa | |
| 245 | 1 | 3 |
_aLa determinación voluntaria de la naturaleza ganancial o privativa de los bienes conyugales _c / Ainhoa Gutiérrez Barrenengoa |
| 250 | _a1a ed. | ||
| 260 |
_aMadrid : _bDykinson, _c2002. |
||
| 300 |
_a396 p. ; _c24 cm. |
||
| 504 | _aIncluye índice y bibliografías | ||
| 650 | 4 |
_aRégimen y bienes conyugales _xDerecho civil _zEspaña |
|
| 650 | 4 |
_aBienes gananciales _xDerecho de familia _zEspaña |
|
| 650 | 4 |
_aMatrimonio _xDerecho civil _zEspaña. |
|
| 942 |
_2lcc _cLIB |
||
| 999 |
_c112846 _d112846 |
||